Lectures on the Indian Evidence Act / (Record no. 93978)

MARC details
000 -LEADER
fixed length control field 00578nam a22001817a 4500
005 - DATE AND TIME OF LATEST TRANSACTION
control field 20150707150847.0
010 ## - LCCN (DPL NO)
LC control number ENG-113260
020 ## - INTERNATIONAL STANDARD BOOK NUMBER
Terms of availability 475.00
International Standard Book Number 9789350355237
035 ## - SYSTEM CONTROL NUMBER
System control number EN-96792
037 ## - SOURCE OF ACQUISITION
Source of stock number/acquisition DBAD/PUB
082 ## - DEWEY DECIMAL CLASSIFICATION NUMBER
Classification number 347.5406
100 ## - MAIN ENTRY--PERSONAL NAME
Personal name Bhat, U.L.
245 ## - TITLE STATEMENT
Title Lectures on the Indian Evidence Act /
Statement of responsibility, etc by U.L. Bhat ; foreworded by K.T. Thomas
260 ## - PUBLICATION, DISTRIBUTION, ETC. (IMPRINT)
Place of publication, distribution, etc New Delhi
Name of publisher, distributor, etc Universal Law Publishing
Date of publication, distribution, etc 2015
270 ## - ADDRESS
Address A-58, G.T. Karnal Road Industrial Area,
City New Delhi
Postal code 110033
300 ## - PHYSICAL DESCRIPTION
Extent lxxv,360p.
Dimensions 24cm(pbk)
942 ## - ADDED ENTRY ELEMENTS (KOHA)
Source of classification or shelving scheme Dewey Decimal Classification
Item type English Books
Call number suffix BHA
Classification part 347.5406
Holdings
Withdrawn status Lost status Not for loan Collection code Home library Current library Date acquired Source of acquisition Cost, normal purchase price Full call number Barcode Copy number Cost, replacement price Koha item type
    Not For Loan Non-fiction D.B.Act.Division D.B.Act.Division 27/05/2015 DBAD/PUB 475.00 347.5406 BHA EN-96792 1 475.00 English Books

© Delhi Public Library
Hit Counter
free hit counter